[Event "SLO-ch U10"]
[Site "Rogaska Slatina"]
[Date "2009.02.25"]
[Round "6"]
[White "Sretl, Vito"]
[Black "Kumin, Vojko"]
[Result "1-0"]
[WhiteElo "1500"]
[BlackElo "1500"]
[PlyCount "107"]
[EventDate "2009.02.22"]
[EventType "swiss"]
[EventRounds "9"]
[EventCountry "SLO"]
[SourceTitle "CBM 129 Extra"]
[Source "ChessBase"]
[SourceDate "2009.05.05"]
[SourceVersion "2"]
[SourceVersionDate "2009.05.20"]
[SourceQuality "1"]

1. e4 e5 2. Nf3 Nc6 3. Bc4 Bc5 4. Nc3 Nf6 5. Ng5 0-0 6. d3 h6 7. Nf3 Nd4 8. Nxe5 d6 9. Nf3 Bg4 10. Be3 Nxf3+ 11. gxf3 Bxe3 12. fxe3 Bh3 13. Qe2 c6 14. d4 b5 15. Bd3 a5 16. a3 Qb6 17. 0-0-0 Qa7 18. d5 b4 19. axb4 axb4 20. Nb1 Qa1 21. dxc6 Be6 22. Bc4 Bxc4 23. Qxc4 Rfb8 24. c7 Rc8 25. Rxd6 Kh7 26. Rhd1 Ra7 27. Rc6 Ra2 28. Kd2 Ne8 29. Ke1 Raa8 30. Qxb4 Qa5 31. Qxa5 Rxa5 32. Rd8 Rxc7 33. Rxc7 Nxc7 34. Rd7 Ra1 35. Rxc7 Rxb1+ 36. Kd2 Rxb2 37. Rxf7 Rb5 38. Re7 Kg6 39. Kd3 Kf6 40. Rc7 Rh5 41. Rc6+ Kf7 42. Rd6 Rxh2 43. e5 Ke7 44. Rd4 Rh3 45. f4 Ke6 46. Re4 Rh5 47. c4 g6 48. c5 Rh1 49. c6 Rc1 50. Rc4 Rxc4 51. Kxc4 Ke7 52. Kb5 Kd8 53. Kb6 Kc8 54. e6 1-0

[Event "SLO-ch U10"]
[Site "Rogaska Slatina"]
[Date "2009.02.24"]
[Round "4"]
[White "Fras Peclin, Asej"]
[Black "Sretl, Vito"]
[Result "0-1"]
[WhiteElo "1500"]
[BlackElo "1500"]
[PlyCount "112"]
[EventDate "2009.02.22"]
[EventType "swiss"]
[EventRounds "9"]
[EventCountry "SLO"]
[SourceTitle "CBM 129 Extra"]
[Source "ChessBase"]
[SourceDate "2009.05.05"]
[SourceVersion "2"]
[SourceVersionDate "2009.05.20"]
[SourceQuality "1"]

1. e4 e5 2. Nf3 Nf6 3. Nc3 Nc6 4. Bc4 Na5 5. d3 Nxc4 6. dxc4 d6 7. h3 Be7 8. 0-0 Be6 9. b3 0-0 10. Be3 c6 11. Qd3 d5 12. Bg5 dxe4 13. Qxd8 Raxd8 14. Bxf6 Bxf6 15. Nxe4 Be7 16. Nxe5 Bf6 17. Nxf6+ gxf6 18. Nf3 b5 19. cxb5 cxb5 20. Rfd1 Rc8 21. Rac1 a5 22. c4 bxc4 23. bxc4 Bxc4 24. Nd2 Bxa2 25. Rxc8 Rxc8 26. Ra1 Rc2 27. Nb1 Rc1+ 28. Kh2 Bxb1 29. Rxa5 Kg7 30. Rb5 Kg6 31. g4 f5 32. gxf5+ Bxf5 33. h4 Rc2 34. Kg2 Re2 35. Kf3 Be6 36. Rg5+ Kh6 37. Kxe2 f6 38. Rc5 Bg4+ 39. Ke3 Bh5 40. Rc6 Kg6 41. f4 Bd1 42. Rd6 Bc2 43. Kf3 h5 44. Ke3 Ba4 45. Ke4 Bc2+ 46. Kd5 Kf5 47. Kc5 Kxf4 48. Rxf6+ Kg3 49. Rg6+ Bxg6 50. Kd4 Kxh4 51. Ke3 Kg3 52. Ke2 Kg2 53. Ke3 h4 54. Kf4 h3 55. Kg4 h2 56. Kh4 h1Q+ 0-1